पंचकोशी मेला / (Record no. 207845)
[ view plain ]
| 000 -LEADER | |
|---|---|
| fixed length control field | 00843nam a22001817a 4500 |
| 005 - DATE AND TIME OF LATEST TRANSACTION | |
| control field | 20241219160710.0 |
| 010 ## - LCCN (DPL NO) | |
| LC control number | HIN-129020 |
| 020 ## - INTERNATIONAL STANDARD BOOK NUMBER | |
| International Standard Book Number | 9788123798936 |
| Terms of availability | 210.00 |
| 035 ## - SYSTEM CONTROL NUMBER | |
| System control number | HN-101366 |
| 037 ## - SOURCE OF ACQUISITION | |
| Source of stock number/acquisition | DBAD |
| 082 ## - DEWEY DECIMAL CLASSIFICATION NUMBER | |
| Classification number | 394.6 |
| 100 ## - MAIN ENTRY--PERSONAL NAME | |
| Personal name | चौबे , देवेन्द्र |
| 245 ## - TITLE STATEMENT | |
| Title | पंचकोशी मेला / |
| Statement of responsibility, etc | देवेन्द्र चौबे |
| 260 ## - PUBLICATION, DISTRIBUTION, ETC. (IMPRINT) | |
| Place of publication, distribution, etc | नई दिल्ली |
| Name of publisher, distributor, etc | रास्ट्रीय पुस्तक न्यास |
| Date of publication, distribution, etc | 2021 |
| 270 ## - ADDRESS | |
| Address | नेहरु भवन 5, वसंत कुंज इंस्टिट्यूटशनल एरिया , फेज-2 , वसंत कुंज |
| City | नई दिल्ली |
| Postal code | 110070 |
| 300 ## - PHYSICAL DESCRIPTION | |
| Extent | 160पृ. |
| Other physical details | 21 सेमी (अजिल्द) |
| 942 ## - ADDED ENTRY ELEMENTS (KOHA) | |
| Source of classification or shelving scheme | Dewey Decimal Classification |
| Item type | Hindi Books |
| Classification part | 394.6 |
| Call number suffix | चौबेदे |
| Withdrawn status | Lost status | Not for loan | Collection code | Home library | Current library | Date acquired | Source of acquisition | Cost, normal purchase price | Full call number | Barcode | Copy number | Cost, replacement price | Koha item type |
|---|---|---|---|---|---|---|---|---|---|---|---|---|---|
| Non-fiction | R.K.Puram-8 | R.K.Puram-8 | 19/12/2024 | DBAD | 210.00 | 394.6 चौबेदे | HN-101366 | 1 | 210.00 | Hindi Books |
